000 01837nam0a2200361 i 4500
001 RU\NLR\BIBL_A\011394097
005 20240922033608.0
010 _a9785881853327
_9200
021 _aRU
_b2017-31937
_92350
035 _a(RuMoRGB)008873497
035 _a(NLR Aleph) 011394097
090 _a11468554
_c11468554
100 _a20170526d2016 km y0rusy50 ca
101 0 _arus
102 _aRU
105 _aa|||z|||000zy
200 1 _aЭкологический мониторинг органических загрязнителей в системе аналитического контроля качества воды
_e[монография]
_fМ. Ю. Вождаева, Л. Г. Цыпышева, Л. И. Кантор [и др.
_gпод обшей редакцией Е. А. Кантора]
_gАкадемия наук Республики Башкортостан, Отделение химико-технологических наук
210 _aУфа
_cГилем
_d2016
215 _a198, [1] с.
_cил., табл.
_d21
320 _aБиблиогр.: с. 156-197 (472 назв.)
606 1 _aВода
_xЗагрязнение
_xЭкологический мониторинг
_92328815
_3RU\NLR\AUTH\6601617090
606 1 _aПитьевая вода
_xКачество
_xГигиеническая оценка
_91939407
_3RU\NLR\AUTH\66886158
686 _aР121.545,0
_2rubbk
686 1 _aР121.15-1
686 1 _aР121.251.1
701 1 _aВождаева
_bМ. Ю.
_gМаргарита Юрьевна
701 1 _aЦыпышева
_bЛ.Г.
_gЛяля Газизовна
701 1 _aКантор
_bЛ. И.
_gЛев Исаакович
702 1 _aКантор
_bЕ. А.
_gЕвгений Абрамович
_4340
942 _cBOOK
980 _aNBR